| 000 | 00347cam a2200145ua 4500 | ||
|---|---|---|---|
| 041 |
_aeng _h |
||
| 082 |
_a828.09 _bWAR/JA |
||
| 100 | _aWarner, Syvia townsend . | ||
| 245 |
_aJane Austen / _cWarner. _hTextual Documents |
||
| 260 |
_a : _bLongmans, grenn & Co , _c1964. |
||
| 300 | _a36 ; . | ||
| 504 | _a | ||
| 942 | _cBK | ||
| 999 |
_c11624 _d11624 |
||